Dates rois et républiques de France - Statistiques

Statistiques générales
  • Ce quiz a été pris 155 fois
  • Le résultat moyen est 21 sur 29
Statistiques - réponses
Nouveau roi Début du règne % Correct
Napoléon (Empereur) 1er 1804
94%
République V 1958
92%
Republique 1ère 1792
90%
Louis XVIII 1815
88%
République II 1848
88%
Vichy Seul 1940
88%
République IV 1946
88%
Louis-Philippe 1er 1830
86%
Napoléon (Empereur) III 1852
86%
République III 1870
86%
Louis XV 1715
83%
Charles X 1824
82%
Louis XIV 1643
81%
François 1er 1515
79%
Henri IV 1589
75%
Louis XIII 1610
75%
Louis XVI 1774
75%
Henri III 1574
69%
François II 1559
68%
Charles IX 1560
68%
Henri II 1547
67%
Louis XII 1498
59%
Charles VII 1422
55%
Louis XI 1461
54%
Charles VIII 1483
53%
Philippe VI 1328
50%
Charles V 1364
48%
Charles VI 1380
48%
Jean II 1350
46%
Aucun quiz correspondant
Distribution des résultats
% des personnes avec chaque résultat
Percentile par nombre de réponses
Votre historique - résultats
Vous n’avez pas pris ce quiz